<?xml version="1.0" encoding="UTF-8"?>
<collection xmlns="http://www.loc.gov/MARC21/slim">
 <record>
  <leader>01687nam a2200205Ia 4500</leader>
  <controlfield tag="001">CTU_139984</controlfield>
  <controlfield tag="008">210402s9999    xx            000 0 und d</controlfield>
  <datafield tag="020" ind1=" " ind2=" ">
   <subfield code="c">25000</subfield>
  </datafield>
  <datafield tag="082" ind1=" " ind2=" ">
   <subfield code="a">146.32</subfield>
  </datafield>
  <datafield tag="082" ind1=" " ind2=" ">
   <subfield code="b">H307</subfield>
  </datafield>
  <datafield tag="100" ind1=" " ind2=" ">
   <subfield code="a">Dương, Phú Hiệp</subfield>
  </datafield>
  <datafield tag="245" ind1=" " ind2="0">
   <subfield code="a">Triết học và đổi mới</subfield>
  </datafield>
  <datafield tag="245" ind1=" " ind2="0">
   <subfield code="c">Dương Phú Hiệp</subfield>
  </datafield>
  <datafield tag="260" ind1=" " ind2=" ">
   <subfield code="a">Hà Nội</subfield>
  </datafield>
  <datafield tag="260" ind1=" " ind2=" ">
   <subfield code="b">Chính trị Quốc gia</subfield>
  </datafield>
  <datafield tag="260" ind1=" " ind2=" ">
   <subfield code="c">2008</subfield>
  </datafield>
  <datafield tag="520" ind1=" " ind2=" ">
   <subfield code="a">Các bài viết trong cuốn sách thể hiện chính kiến, quan điểm và những suy nghĩ của tác giả về vấn đề lý luận và thực tiễn mang tính cấp bách hiện nay: đổi mới trong quan hệ với triết học. Trong một số nội dung, tác giả đã có cách tiếp cận riêng của mình như: đánh giá về nguyên nhân của sự lạc hậu về nhận thức lý luận, về hình thức sở hữu trong chủ nghĩa xã hội, vấn đề đảng viên làm kinh tế tư nhân, vấn đề đổi mới nhận thức về thế giới... Cuốn sách cung cấp cho bạn đọc thêm tài liệu tham khảo về đường lối, chính sách của Đảng trong thời kỳ đổi mới, đồng thời là một đóng góp vào mục tiêu hướng đến sự phát triển bền vững của Việt Nam</subfield>
  </datafield>
  <datafield tag="650" ind1=" " ind2=" ">
   <subfield code="a">Dialectical materialism,Philosophy,Triết học duy vật biện chứng,Triết học</subfield>
  </datafield>
  <datafield tag="904" ind1=" " ind2=" ">
   <subfield code="i">Hạ Nguyên</subfield>
  </datafield>
  <datafield tag="980" ind1=" " ind2=" ">
   <subfield code="a">Trung tâm Học liệu Trường Đại học Cần Thơ</subfield>
  </datafield>
 </record>
</collection>
